000
00328nam a2200133Ia 4500
008
191201s2009 xx 000 0 und d
100
_a
Mccarthy, Auriela
245
0
_a
Power of the Possible
250
_a
Rep.
260
_a
N.Delhi
_b
Jaico Publication House
_c
2009
300
_a
168
650
_a
General Books
942
_2
ddc
_c
BK
999
_c
3961
_d
3961